Datum a čas kvízu

38.5 Celkem bodů Celkový počet nahraných bodů na tomto kvízu bez doplňovacích otázek.
1. Pořadí na kvízu Konečné umístění týmu na tomto kvízu.

Zaznamenané odpovědi

# Otázka Odpověď Body Výsledky
1. Provoz a výrobu v rafinérii v... Litvínov 1
2. Letiště Šin-Čitose na japonské... nůžky 1
3. Jeden z nejkrásnějších, ale té... Jennifer Lopez, Ben Affleck 1
4. Ve čtvrtek byla zahájena naše... České Budějovice, 50. ročník 0.5
5. Minulý týden došlo ke zveřejně... Jannik Sinner 1
6. Historie Texasu je těsně spoje... San Antonio 0
7. Jak se jmenuje řeka, která tvo... Rio Grande (Rio Bravo) 1
8. Jedním z důvodů navštívit Hous... Saturn V 1
9. Jak se jmenuje severní soused... Oklahoma 0
10. Mezi několik známých osobností... Eva Longoria, Zoufalé manželky 1